| 000 | 00434nam a22001577a 4500 | ||
|---|---|---|---|
| 005 | 20250715122952.0 | ||
| 008 | 250715b |||||||| |||| 00| 0 eng d | ||
| 020 |
_a9788172451059 _qpbk |
||
| 041 | _aeng | ||
| 082 |
_a428.1 _bSUN |
||
| 100 | _aSundarajan A., Clairvoyant | ||
| 245 |
_aRapid Vocabulary Builder _cby Clairvoyant A. Sundarajan |
||
| 260 |
_aNew Delhi _bGoodwill Publishing House |
||
| 300 | _a270p. | ||
| 942 | _cENGLISH | ||
| 999 |
_c575910 _d575910 |
||